Normal view
MARC view
Entry Personal Name
001 - CONTROL NUMBER
- control field: 859
003 - CONTROL NUMBER IDENTIFIER
- control field: OSt
005 - DATE AND TIME OF LATEST TRANSACTION
- control field: 20110412092808.0
008 - FIXED-LENGTH DATA ELEMENTS
- fixed length control field: 110412|||a|||||| | ||| d
040 ## - CATALOGING SOURCE
- Original cataloging agency: OSt
- Transcribing agency: OSt
100 ## - HEADING--PERSONAL NAME
- Personal name: Turner, J. W. Cecil.
- Dates associated with a name: 1964
670 ## - SOURCE DATA FOUND
- Source citation: Work cat.: (OSt)0: Turner, J. W. Cecil. 1964, Cases on criminal law : , 1964.
